The Analysis of financial statements (Record no. 34248)

MARC details
000 -LEADER
fixed length control field 00613nam a2200169 a 4500
008 - FIXED-LENGTH DATA ELEMENTS--GENERAL INFORMATION
fixed length control field 120416s1978 ||||||||||||||||| || u
020 ## - INTERNATIONAL STANDARD BOOK NUMBER
International Standard Book Number 087094164X
050 ## - LIBRARY OF CONGRESS CALL NUMBER
Classification number HF 5681.B2 Ber
100 ## - MAIN ENTRY--PERSONAL NAME
Personal name Bernstein, Leopold A
245 14 - TITLE STATEMENT
Title The Analysis of financial statements
260 ## - PUBLICATION, DISTRIBUTION, ETC.
Place of publication, distribution, etc. Homewood, Ill.
Name of publisher, distributor, etc. Jones-Irwin
Date of publication, distribution, etc. 1978
300 ## - PHYSICAL DESCRIPTION
Extent xi, 311p. : ill
350 ## - PRICE (NR) (BK AM CF MU VM SE) [OBSOLETE]
Price 0.00
650 #0 - SUBJECT ADDED ENTRY--TOPICAL TERM
Topical term or geographic name entry element ACCOUNTING--HANDBOOKS, MANUALS, ETC
650 ## - SUBJECT ADDED ENTRY--TOPICAL TERM
Topical term or geographic name entry element FINANCIAL ACCOUNTING
995 ## - RECOMMENDATION 995 [LOCAL, UNIMARC FRANCE]
-- 0.00
-- CBU-MAIN LIBRARY (Kitwe)
-- 1
-- 20.25
-- 1
-- AVAILABLE
-- Annex Low-Usage Collection
Holdings
Withdrawn status Lost status Source of classification or shelving scheme Damaged status Not for loan Home library Current library Shelving location Date acquired Total Checkouts Full call number Barcode Date last seen Price effective from Koha item type
          CBU-MAIN LIBRARY, KITWE. CBU-MAIN LIBRARY, KITWE.   11/30/2022   HF 5681.B2 Ber 007338 11/30/2022 11/30/2022 MONOGRAPH